Normal view
MARC view
Entry Personal Name
001 - CONTROL NUMBER
- control field: 22259
003 - CONTROL NUMBER IDENTIFIER
- control field: BD-ChCU
005 - DATE AND TIME OF LATEST TRANSACTION
- control field: 20260504092815.0
008 - FIXED-LENGTH DATA ELEMENTS
- fixed length control field: 260504|| aca||aabn | a|a d
040 ## - CATALOGING SOURCE
- Original cataloging agency: BD-ChCU
100 ## - HEADING--PERSONAL NAME
- Personal name: Trasler , Gordon .